Introduction to Biomedical Equipment Technology (Record no. 615775)

000 -LEADER
fixed length control field 00410nam a22001457a 4500
020 ## - INTERNATIONAL STANDARD BOOK NUMBER
International Standard Book Number 0471041432
040 ## - CATALOGING SOURCE
Transcribing agency NUST
082 ## - DEWEY DECIMAL CLASSIFICATION NUMBER
Classification number 610.28
Author Mark CAR'I
100 ## - MAIN ENTRY--PERSONAL NAME
Personal name Carr, Joseph J.
9 (RLIN) 26343
110 ## - MAIN ENTRY--CORPORATE NAME
Corporate name or jurisdiction name as entry element BROWN, JOHN M.
9 (RLIN) 132714
245 ## - TITLE STATEMENT
Title Introduction to Biomedical Equipment Technology
260 ## - PUBLICATION, DISTRIBUTION, ETC.
Place of publication, distribution, etc. NEW YORK:
Name of publisher, distributor, etc. John Wiley & Sons,
Date of publication, distribution, etc. 1981.
650 ## - SUBJECT ADDED ENTRY--TOPICAL TERM
Topical term or geographic name entry element Biomedical Equipment Technology
9 (RLIN) 132715
942 ## - ADDED ENTRY ELEMENTS (KOHA)
Source of classification or shelving scheme
Koha item type Book
Holdings
Withdrawn status Lost status Source of classification or shelving scheme Damaged status Not for loan Permanent Location Current Location Shelving location Date acquired Total Checkouts Full call number Barcode Date last seen Price effective from Koha item type Public note
          College of Electrical & Mechanical Engineering (CEME) College of Electrical & Mechanical Engineering (CEME) General Stacks 01/05/2026   610.28 CAR'I CEME-15192 01/05/2026 01/05/2026 Book 4.0
© 2023 Central Library, National University of Sciences and Technology. All Rights Reserved.